000 00836nam a2200229Ia 4500
003 Ost
005 20260507075131.0
008 260507s9999||||xx |||||||||||||| ||und||
020 _a767009948
040 _cfsecg
041 _aara
082 _a330
100 _eمؤلف
245 0 _aأسواق الطاقة الأسيوية :
_bالديناميات والإتجاهات /
260 _aأبو ظبي:
_bمركز الدراسات والبحوث الإستراتيجية,
_c2005
300 _a478 صفحة؛
_bإيضاحات ؛
_c26 سم
520 _aنظرة استشرافية عامة- قضايا الطاقة الأساسية- وضع السوق والإحتمالات- نظرة فاحصة عل الصين والهند.
653 _aآسيا
653 _aالأسواق
653 _aالطاقة
942 _cكتاب
999 _c43213
_d43213